La caída de Bagdad / (Record no. 27468)

MARC details
000 -LEADER
campo de control de longitud fija 01099cam a2200361Mi 4500
001 - NÚMERO DE CONTROL
campo de control 59712
005 - FECHA Y HORA DE LA ÚLTIMA TRANSACCIÓN
campo de control 20230410103853.0
008 - DATOS DE LONGITUD FIJA--INFORMACIÓN GENERAL
campo de control de longitud fija 050715s2005 sp 000 0 spa d
035 ## - NÚMERO DE CONTROL DEL SISTEMA
Número de control de sistema (OCoLC)ocm61079880
040 ## - FUENTE DE CATALOGACIÓN
Centro catalogador/agencia de origen PL#
Lengua de catalogación spa
Centro/agencia transcriptor PL#
020 ## - NÚMERO INTERNACIONAL ESTÁNDAR DEL LIBRO
Número Internacional Estándar del Libro 8433925695
020 ## - NÚMERO INTERNACIONAL ESTÁNDAR DEL LIBRO
Número Internacional Estándar del Libro 9788433925695
029 0# - OTRO NÚMERO DE CONTROL DE SISTEMA (OCLC)
Identificador de la biblioteca OCLC PL#
Número de control de sistema 8433925695
035 ## - NÚMERO DE CONTROL DEL SISTEMA
Número de control de sistema (OCoLC)61079880
049 ## - FONDOS LOCALES (OCLC)
Biblioteca depositaria GRAL
050 14 - SIGNATURA TOPOGRÁFICA DE LA BIBLIOTECA DEL CONGRESO
Número de clasificación 414 DS 79.76
Número de ítem A547c 2005
100 1# - ENTRADA PRINCIPAL--NOMBRE DE PERSONA
Nombre de persona Anderson, Jon Lee.
245 13 - MENCIÓN DEL TÍTULO
Título La caída de Bagdad /
Mención de responsabilidad, etc. Jon Lee Anderson ; traducción de Jaime Zulaika.
260 ## - PUBLICACIÓN, DISTRIBUCIÓN, ETC.
Lugar de publicación, distribución, etc. Barcelona :
Nombre del editor, distribuidor, etc. Editorial Anagrama,
Fecha de publicación, distribución, etc. c2005.
300 ## - DESCRIPCIÓN FÍSICA
Extensión 501 p. ;
Dimensiones 22 cm.
440 #0 - MENCIÓN DE SERIE/PUNTO DE ACCESO ADICIONAL--TÍTULO
Título Crónicas Anagrama ;
Designación de volumen o secuencia 69
500 ## - NOTA GENERAL
Nota general Traducido del idioma original: The fall of Baghdad.
650 #0 - PUNTO DE ACCESO ADICIONAL DE MATERIA--TÉRMINO DE MATERIA
Término de materia o nombre geográfico como elemento de entrada Iraq War, 2003-
651 #0 - PUNTO DE ACCESO ADICIONAL DE MATERIA--NOMBRE GEOGRÁFICO
Nombre geográfico Iraq
Subdivisión general Politics and government
Subdivisión cronológica 1991-
600 10 - PUNTO DE ACCESO ADICIONAL DE MATERIA--NOMBRE DE PERSONA
Nombre de persona Hussein, Saddam,
Fechas asociadas al nombre 1937-2006.
653 ## - TÉRMINO DE INDIZACIÓN--NO CONTROLADO
Término no controlado Hussein, Saddam, 1937-
653 ## - TÉRMINO DE INDIZACIÓN--NO CONTROLADO
Término no controlado Guerra de Irak, 2003-
700 1# - ENTRADA AGREGADA--NOMBRE PERSONAL
Nombre de persona Zulaika, Jaime,
Término indicativo de función/relación tr.
938 ## -
-- Puvill Libros
-- PUVL
-- 8433925695
-- $34.73
942 ## - ELEMENTOS DE ENTRADA SECUNDARIOS (KOHA)
Fuente del sistema de clasificación o colocación Clasificación de Library of Congress
Tipo de ítem Koha
946 ## - PROCESAMIENTO DE INFORMACIÓN LOCAL (OCLC)
a clperez
994 ## -
-- C0
-- DRFGD
Holdings
Estatus retirado Estado de pérdida Fuente del sistema de clasificación o colocación Estado de daño No para préstamo Colección Biblioteca de origen Biblioteca actual Ubicación en estantería Fecha de adquisición Serial enumeration / chronology Signatura topográfica completa Código de barras Visto por última vez Copia número Tipo de ítem Koha
    Clasificación de Library of Congress     Recursos Regionales Biblioteca Juan Bosch Biblioteca Juan Bosch Recursos Regionales (2do. Piso) 10/04/2023 1 414 DS 79.76 A547c 2005 00000059733 23/10/2018 1